000 00736nam a2200265Ia 4500
003 OSt
005 20221006150933.0
006 a|||||r|||| 00| 0
007 ta
008 221006b |||||||| |||| 00| 0 jpn d
020 _c¥6500
024 _a20,278
037 _bGift, Japan Foundation
_cTextual
040 _aEASL
_cEASL
_bjpn
041 _2jpn
_ajpn
082 _aX8(J):326.42.N8, M0
100 _aOUCHI Tsutomu
_9657974
245 0 _aNihon nogyo no zai sei gaku
260 _aTokyo
_bTokyo Daigaku Shoppan Kai Japan
_c1980
300 _a490p.
_ccm.
490 _v JL
650 _aJL
942 _hX8(J):326.42.N8, M0
_cTEXL
_2CC
999 _c1088364
_d1088364